| 000 | 00650nam a22002537a 4500 | ||
|---|---|---|---|
| 001 | 32182 | ||
| 003 | UA-OsUOA | ||
| 005 | 20230131142312.0 | ||
| 007 | ta | ||
| 008 | 20050125b un ||||| |||| 00| 0 ukr d | ||
| 020 | _a5776805564 | ||
| 040 |
_aUA-OsUOA _brus _cUA-OsUOA _dUA-OsUOA |
||
| 041 | _arus | ||
| 044 | _aUA | ||
| 080 | _a008(091)(477)"6" | ||
| 090 |
_a008(091)(477)"6" _bШ59 |
||
| 100 | _aШилов Ю. А. | ||
| 245 |
_aПрародина ариев. История, обряды и мифы _cЮ. А. Шилов |
||
| 260 |
_aКиев _bСИНТО _c1995 |
||
| 300 | _a575 с. | ||
| 650 | 7 | _2UDC | |
| 942 |
_cBK _2udc |
||
| 955 | _a2 | ||
| 999 |
_c318621 _d318621 |
||